Memoria de labores realizadas por el Ministerio de Defensa y de Seguridad pública, durante el año administrativo comprendido entre el 1 de julio 1982 y el 30 de junio 1983

Guardat en:
Dades bibliogràfiques
Autor corporatiu: El Salvador. Ministerio de Defensa y de Seguridad Pública
Format: Text
Publicat: San Salvador: Ministerio de Defensa y de Seguridad Pública
Etiquetes: Afegir etiqueta
Sense etiquetes, Sigues el primer a etiquetar aquest registre!

MARC

LEADER 00000 a a2200000 04500
001 21613
003
040
090 |a 096100  
110 |a El Salvador. Ministerio de Defensa y de Seguridad Pública  
245 |a Memoria de labores realizadas por el Ministerio de Defensa y de Seguridad pública, durante el año administrativo comprendido entre el 1 de julio 1982 y el 30 de junio 1983  
260 |a San Salvador:   |b Ministerio de Defensa y de Seguridad Pública  
300 |a 21 p.  
999 |c 14804  |d 14804